| 000 | nam a22 a 4500 | ||
|---|---|---|---|
| 999 |
_c390383 _d390383 |
||
| 003 | BLK | ||
| 005 | 20201020160704.0 | ||
| 008 | 180410b bul|||||r ||||||| ||bul|| | ||
| 010 | _aKNG00166036000 | ||
| 040 | _aBLK | ||
| 041 |
_aRUS _cRUS |
||
| 080 |
_aСредновековна и нова обща история _b94 _z94 |
||
| 100 |
_aСтасюлевич, М. М. _eпърви автор _9435435 |
||
| 139 | _aСтасюлевич, М. М. | ||
| 245 | 1 | 0 |
_aИстория средних веков в ее писателях и исследованиях новейших ученых _c[Соч.] М. Стасюлевича |
| 250 | _a2. изд. | ||
| 257 | _aRUS | ||
| 260 |
_bтип. М.М. Стасюлевича _c1885 _aСанкт-Петербург _9435436 |
||
| 300 |
_c22 см _a624 с. |
||
| 380 | _a9 | ||
| 490 |
_9435080 _aКолекция Редки и ценни издания |
||
| 650 | 0 |
_aИстория _9396464 |
|
| 852 |
_aРр 885 _bРц |
||
| 856 | 4 | _qpdf | |
| 942 |
_cKNG _n0 _s1 |
||
| 944 |
_aCR _c2020-10-20 _kРенета Константинова |
||
| 999 | _d390380 | ||